01368cam a22003857a 4500003000500000005001700005008004100022010001000063011001000073020001500083035001000098040000900108082001400117100002700131245006200158260003900220300002000259590004100279590004100320590004100361590004100402590004100443590004200484650003100526650003800557650004800595650003000643650004300673901000700716905002400723942001000747949007400757999001700831952013400848CHAP20220329142527.0010906d1999 uk r 00110 eng d a84582 a85554 a063205297X a96087 cCHAP04a632.7bA500aAlford, David V.9394312aA texbook of agricultural entomologyc/by David V. Alford aOxford:bBlackwell Science,c1999. a314 p. :bilus. aBATCH-UPDb10c20130109lUCH01h2342 aBATCH-UPDb10c20130110lUCH01h0638 aBATCH-UPDb10c20130409lUCH01h1911 aBATCH-UPDb10c20130410lUCH01h0322 aBATCH-UPDb10c20130914lUCH01h0027 aCONVERSIONb10c20130109lUCH01h134714aAgriculturaxPlagas.9176414aEntomología económica.93714514aInsectosxAnatomía y fisiología.95889114aInsectosxControl.95890814aPesticidasxEfecto en insectos.987550 aBK aMayto Villalobos S. cLIBRO a632.7 A5bBCcLIBROd33724000837811eLIBROh100858i96087sit$384.00 c84582d84582 00102ddc4052708GRALaBCbBCcPP_GRALd2019-12-31fLIBROl0o632.7 A5p33724000837811r2019-12-31 00:00:00w2019-12-31yLIBRO